[Event "HUN-chT2 Asztalos 0607"]
[Site "Hungary"]
[Date "2007.05.20"]
[Round "11"]
[White "Szabo, Arpad"]
[Black "Ferencz, Miklos"]
[Result "0-1"]
[WhiteElo "1990"]
[BlackElo "2134"]
[PlyCount "54"]
[EventDate "2006.11.12"]
[EventType "team"]
[EventRounds "11"]
[EventCountry "HUN"]
[SourceTitle "EXT 2008"]
[Source "ChessBase"]
[SourceDate "2007.11.25"]
[SourceVersion "1"]
[SourceVersionDate "2007.11.25"]
[SourceQuality "1"]
[WhiteTeam "Pecs Karmin"]
[BlackTeam "Nagyatad"]
[WhiteTeamCountry "HUN"]
[BlackTeamCountry "HUN"]

1. e4 c5 2. Nf3 d6 3. d4 cxd4 4. Nxd4 Nf6 5. Nc3 a6 6. Be2 e5 7. Nb3 Be7 8. 0-0 Be6 9. f4 Qc7 10. Qe1 Nbd7 11. Qg3 0-0-0 12. Be3 h5 13. Nc1 h4 14. Qe1 exf4 15. Bxf4 g5 16. Bxg5 Qc5+ 17. Kh1 Qxg5 18. b4 Rhg8 19. Rf2 d5 20. Nd3 Nxe4 21. Nxe4 dxe4 22. Nf4 Bf6 23. c3 e3 24. Rf1 Be5 25. Bf3 Bxf4 26. a4 Ne5 27. Qe2 Rd2 0-1

[Event "HUN-chT2 Asztalos 0607"]
[Site "Hungary"]
[Date "2006.11.12"]
[Round "1"]
[White "Szabo, Arpad"]
[Black "Kalanyos, Ferenc"]
[Result "1-0"]
[WhiteElo "1990"]
[BlackElo "2001"]
[PlyCount "55"]
[EventDate "2006.11.12"]
[EventType "team"]
[EventRounds "11"]
[EventCountry "HUN"]
[SourceTitle "EXT 2008"]
[Source "ChessBase"]
[SourceDate "2007.11.25"]
[SourceVersion "1"]
[SourceVersionDate "2007.11.25"]
[SourceQuality "1"]
[WhiteTeam "Pecs Karmin"]
[BlackTeam "Koppany"]
[WhiteTeamCountry "HUN"]
[BlackTeamCountry "HUN"]

1. e4 c5 2. Nf3 e6 3. d4 cxd4 4. Nxd4 Bc5 5. Nb3 Be7 6. Be2 d6 7. Be3 Nf6 8. Nc3 0-0 9. 0-0 Nc6 10. f4 Re8 11. Qe1 b6 12. Qg3 Bb7 13. Rad1 Nb4 14. e5 Ne4 15. Nxe4 Bxe4 16. Rd4 d5 17. c3 Nc2 18. Rd2 Bh4 19. Qh3 Nxe3 20. Qxe3 Qc7 21. Nd4 Be7 22. Qg3 Red8 23. f5 exf5 24. Nxf5 Bxf5 25. Rxf5 d4 26. Rxf7 g6 27. Bh5 g5 28. Qd3 1-0